| 000 | 00604nam a2200205 4500 | ||
|---|---|---|---|
| 005 | 20220623110447.0 | ||
| 008 | 180801b mx ||||| |||| 00| 0 spa d | ||
| 020 | _a9707190280 | ||
| 050 | 0 | 4 |
_aQP26.P35 _bR87 2002 |
| 100 | 1 | _aLozoya, Xavier | |
| 245 | 1 | 3 |
_aEl ruso de los perros _b: Iván P. Pavlov _c /Xavier Lozoya |
| 250 | _a2a. | ||
| 260 |
_aMéxico : _bPangea, _c2002 |
||
| 300 |
_a108 p. : _bil.; _c21 cm. |
||
| 490 | 0 | _aViajeros del conocimiento | |
| 504 | _aIncluye bibliografias | ||
| 600 | 1 | 0 |
_aPavlov, Iván P. _d19849-1936 |
| 650 | 7 |
_2lemb _aReflejos condicionados |
|
| 942 |
_2lcc _cLIB |
||
| 999 |
_c142870 _d142868 |
||